| 000 | 00836cam a2200181 a 4500 | ||
|---|---|---|---|
| 020 | _a9250042507 | ||
| 040 | _cJNA | ||
| 082 | 0 | 0 | _a333 FOO 1999 A079 Or. |
| 245 | 0 | 0 |
_aPluralism and sustainable forestry and rural development : _bproceedings of an international workshop : Rome, 9-12 December 1997 = Le pluralisme et la foresterie et le développement rural durables : compte rendu d'un atelier international : Rome, 9-12 décembre 1997. |
| 246 | 3 | 1 | _aPluralisme et la foresterie et le développement rural durables |
| 260 |
_aRome : _bFood and Agriculture Organization of the United Nations, _c1999. |
||
| 300 |
_aix, 447 p. : _bill. ; _c30 cm. |
||
| 650 | 0 | _aSustainable forestry | |
| 650 | 0 | _aRural development | |
| 650 | 0 | _aCultural pluralism | |
| 710 | 2 | _aFood and Agriculture Organization of the United Nations. | |
| 942 | _cEK | ||
| 999 |
_c15623 _d15623 |
||